<?xml version="1.0" encoding="UTF-8"?>
<record
    xmlns:xsi="http://www.w3.org/2001/XMLSchema-instance"
    xsi:schemaLocation="http://www.loc.gov/MARC21/slim http://www.loc.gov/standards/marcxml/schema/MARC21slim.xsd"
    xmlns="http://www.loc.gov/MARC21/slim">

  <leader>02805cam a22004818i 4500</leader>
  <controlfield tag="001">22365127</controlfield>
  <controlfield tag="003">OSt</controlfield>
  <controlfield tag="005">20231204105648.0</controlfield>
  <controlfield tag="008">211223s2022    nyu      b    001 0 eng  </controlfield>
  <datafield tag="010" ind1=" " ind2=" ">
    <subfield code="a">  2021050880</subfield>
  </datafield>
  <datafield tag="020" ind1=" " ind2=" ">
    <subfield code="a">9781438489117</subfield>
    <subfield code="q">(hardcover)</subfield>
  </datafield>
  <datafield tag="020" ind1=" " ind2=" ">
    <subfield code="z">9781438489131</subfield>
    <subfield code="q">(ebook)</subfield>
  </datafield>
  <datafield tag="040" ind1=" " ind2=" ">
    <subfield code="a">LBSOR/DLC</subfield>
    <subfield code="b">eng</subfield>
    <subfield code="e">rda</subfield>
    <subfield code="c">DLC</subfield>
  </datafield>
  <datafield tag="042" ind1=" " ind2=" ">
    <subfield code="a">pcc</subfield>
  </datafield>
  <datafield tag="043" ind1=" " ind2=" ">
    <subfield code="a">a-ii---</subfield>
    <subfield code="a">e-po---</subfield>
  </datafield>
  <datafield tag="050" ind1="0" ind2="0">
    <subfield code="a">BX1644.2.G63</subfield>
    <subfield code="b">X38 2022</subfield>
  </datafield>
  <datafield tag="082" ind1="0" ind2="0">
    <subfield code="a">282.5478</subfield>
    <subfield code="b">XAV/R</subfield>
  </datafield>
  <datafield tag="100" ind1="1" ind2=" ">
    <subfield code="a">Xavier, &#xC2;ngela Barreto,</subfield>
    <subfield code="e">author.</subfield>
  </datafield>
  <datafield tag="245" ind1="1" ind2="0">
    <subfield code="a">Religion and empire in Portuguese India :</subfield>
    <subfield code="b">conversion, resistance, and the making of Goa /</subfield>
    <subfield code="c">&#xC2;ngela Barreto Xavier.</subfield>
  </datafield>
  <datafield tag="250" ind1=" " ind2=" ">
    <subfield code="a">First SUNY Press edition.</subfield>
  </datafield>
  <datafield tag="263" ind1=" " ind2=" ">
    <subfield code="a">2203</subfield>
  </datafield>
  <datafield tag="264" ind1=" " ind2="1">
    <subfield code="a">Albany :</subfield>
    <subfield code="b">State University of New York Press,</subfield>
    <subfield code="c">2022.</subfield>
  </datafield>
  <datafield tag="300" ind1=" " ind2=" ">
    <subfield code="a">pages cm</subfield>
  </datafield>
  <datafield tag="336" ind1=" " ind2=" ">
    <subfield code="a">text</subfield>
    <subfield code="b">txt</subfield>
    <subfield code="2">rdacontent</subfield>
  </datafield>
  <datafield tag="337" ind1=" " ind2=" ">
    <subfield code="a">unmediated</subfield>
    <subfield code="b">n</subfield>
    <subfield code="2">rdamedia</subfield>
  </datafield>
  <datafield tag="338" ind1=" " ind2=" ">
    <subfield code="a">volume</subfield>
    <subfield code="b">nc</subfield>
    <subfield code="2">rdacarrier</subfield>
  </datafield>
  <datafield tag="500" ind1=" " ind2=" ">
    <subfield code="a">"Religion and Empire in Portuguese India: Conversion, Resistance, and the Making of Goa by &#xC2;ngela Barreto Xavier was first published by Permanent Black D-28 Oxford Apts, 11 IP Extension, Delhi 110092 India, for the territory of South Asia."</subfield>
  </datafield>
  <datafield tag="500" ind1=" " ind2=" ">
    <subfield code="a">"This book is a shortened version of A inven&#xE7;&#xE3;o de Goa : poder imperial e convers&#xF5;es culturais nos s&#xE9;culos XVI e XVII, published in Lisbon in 2008 by Imprensa de Ci&#xEA;ncias Sociais."--Page [vii].</subfield>
  </datafield>
  <datafield tag="504" ind1=" " ind2=" ">
    <subfield code="a">Includes bibliographical references and index.</subfield>
  </datafield>
  <datafield tag="505" ind1="0" ind2=" ">
    <subfield code="a">Reform in the kingdom, reform in the empire -- Designing conversion -- New temples and new priests : the establishment of religious orders in Goan villages -- Tools of Christianisation : shaping memory, understanding, and will -- Initial moves : discontent, resistance, acquiescence -- The martyrs of Cuncolim and other episodes of resistance -- The defence of the "genuine nobility" : conflicts of memory, identity, and power.</subfield>
  </datafield>
  <datafield tag="520" ind1=" " ind2=" ">
    <subfield code="a">"Examines the colonisation of Goa in the sixteenth and seventeenth centuries and the durability of Portuguese rule"--</subfield>
    <subfield code="c">Provided by publisher.</subfield>
  </datafield>
  <datafield tag="610" ind1="2" ind2="0">
    <subfield code="a">Catholic Church</subfield>
    <subfield code="x">Missions</subfield>
    <subfield code="z">India</subfield>
    <subfield code="z">Goa, Daman and Diu</subfield>
    <subfield code="x">History.</subfield>
  </datafield>
  <datafield tag="650" ind1=" " ind2="0">
    <subfield code="a">Anti-imperialist movements</subfield>
    <subfield code="z">India</subfield>
    <subfield code="z">Goa, Daman and Diu</subfield>
    <subfield code="x">History.</subfield>
  </datafield>
  <datafield tag="651" ind1=" " ind2="0">
    <subfield code="a">Goa, Daman and Diu (India)</subfield>
    <subfield code="x">Religious life and customs.</subfield>
  </datafield>
  <datafield tag="651" ind1=" " ind2="0">
    <subfield code="a">Goa, Daman and Diu (India)</subfield>
    <subfield code="x">Church history.</subfield>
  </datafield>
  <datafield tag="651" ind1=" " ind2="0">
    <subfield code="a">Goa, Daman and Diu (India)</subfield>
    <subfield code="x">Civilization</subfield>
    <subfield code="y">16th century.</subfield>
  </datafield>
  <datafield tag="651" ind1=" " ind2="0">
    <subfield code="a">Goa, Daman and Diu (India)</subfield>
    <subfield code="x">Civilization</subfield>
    <subfield code="y">17th century.</subfield>
  </datafield>
  <datafield tag="651" ind1=" " ind2="0">
    <subfield code="a">Portugal</subfield>
    <subfield code="x">Colonies</subfield>
    <subfield code="z">Asia</subfield>
    <subfield code="x">Administration</subfield>
    <subfield code="x">History.</subfield>
  </datafield>
  <datafield tag="700" ind1="1" ind2=" ">
    <subfield code="i">Adaptation of (work):</subfield>
    <subfield code="a">Xavier, &#xC2;ngela Barreto.</subfield>
    <subfield code="t">Inven&#xE7;&#xE3;o de Goa.</subfield>
  </datafield>
  <datafield tag="906" ind1=" " ind2=" ">
    <subfield code="a">7</subfield>
    <subfield code="b">cbc</subfield>
    <subfield code="c">orignew</subfield>
    <subfield code="d">1</subfield>
    <subfield code="e">ecip</subfield>
    <subfield code="f">20</subfield>
    <subfield code="g">y-gencatlg</subfield>
  </datafield>
  <datafield tag="942" ind1=" " ind2=" ">
    <subfield code="2">ddc</subfield>
    <subfield code="c">BK</subfield>
    <subfield code="h">282.5478</subfield>
    <subfield code="i">XAV/R</subfield>
    <subfield code="k">282.5478</subfield>
    <subfield code="m">XAV/R</subfield>
  </datafield>
  <datafield tag="952" ind1=" " ind2=" ">
    <subfield code="0">0</subfield>
    <subfield code="1">0</subfield>
    <subfield code="2">ddc</subfield>
    <subfield code="4">0</subfield>
    <subfield code="7">0</subfield>
    <subfield code="8">RELIGION</subfield>
    <subfield code="a">MES</subfield>
    <subfield code="b">MES</subfield>
    <subfield code="c">HIS</subfield>
    <subfield code="d">2023-12-04</subfield>
    <subfield code="l">0</subfield>
    <subfield code="o">282.5478 XAV/R</subfield>
    <subfield code="p">44069</subfield>
    <subfield code="r">2023-12-04 10:57:31</subfield>
    <subfield code="v">1095.00</subfield>
    <subfield code="w">2023-12-04</subfield>
    <subfield code="y">BK</subfield>
    <subfield code="z">GL42R1</subfield>
  </datafield>
  <datafield tag="999" ind1=" " ind2=" ">
    <subfield code="c">43886</subfield>
    <subfield code="d">43886</subfield>
  </datafield>
</record>
